000 00830nam a22002535i 4500
001 11067
003 ES-MaACL
005 20240409174243.0
008 941114s1994 sp ||||0| spa
020 _a84-376-1224-1
080 _a821.134.2-14"19"
100 1 _aGarcía Lorca, Federico,
_d1898-1936
_954853
245 1 0 _aPoesía inédita de juventud /
_cFederico García Lorca ; edición de Christian de Paepe ; prefacio de Marie Laffranque.
260 _aMadrid :
_bCátedra,
_c[1994]
300 _a389 p. :
_b1 retr. ;
_c22 cm.
490 1 _aLetras hispánicas ;
_v374
504 _aBibliografía: p. 19-21.
700 1 _aPaepe, Christian de.
_988223
700 1 _aLaffranque, Marie.
_969491
830 1 0 _aLetras hispánicas ;
_v374
_9235703
852 _aES-MaACL
_jL-18412
942 _2udc
999 _c11067
_d11067